000 02062cam a22004574i 4500
003 PE-LiUPU
005 20250731172955.0
008 150623s1990 xxua rb 000 0 eng d
020 _a067520688X
035 _a(Sirsi) i9780675206884
040 _aPE-LiUPU
_bspa
_cPE-LiUPU
_erda
049 _aPRUA
082 0 4 _a253.501
_bN89
_221
100 1 _aNugent, Frank A.,
_d1921-,
_eautor.
245 1 3 _aAn introduction to the profession of counseling /
_cFrank A. Nugent.
264 1 _aMelbourne :
_bMerrill Publishing Company,
_c1990.
300 _a456 páginas :
_bilustraciones diagrámas ;
_c24 centímetros
336 _atext
_2rdacontent
337 _aunmediated
_2rdamedia
338 _avolume
_2rdacarrier
504 _aBibliografía al final de cada capítulo.
505 0 _aThe current scene -- A historical perspective -- Counseling theories -- Individual counseling -- Family and marriage counseling and therapy -- Group counseling -- Career counseling: exploring, choosing and maintaining a career -- Substance abuse counseling -- Counseling special populations -- Counseling - related functions -- The unique profession of counseling -- Counseling programs in elementary schools -- Counseling programs in secondary schools -- Counseling programs in colleges and universities -- Counseling programs in the community.
526 _aSEG42
526 _aSEG41
526 _aSEG40
526 _aSEG39
526 _aP94
526 _aP87
526 _aP86
526 _aP85
526 _aP77
526 _aP76
526 _aP35
650 1 4 _aConsejería
_vLibros de texto.
942 _2ddc
_cBOOK
949 _a253.501 N89
_wDEWEY
_c1
_i45279
_lCCODEBUL1
_mBUL
_r0
_sY
_tBOOK
_u2015-6-24
_xTEOLOGIA
_PP35
_0COMPRA
_o.STAFF. Colección Teología
994 _aC0
_bPEPRU
596 _a1
999 _a253.501 N89
_wDEWEY
_c22138
_i45279
_d22138
_e2018-4-15
_f2021-11-10
_g5
_lCCODEBUL1
_mBUL
_n1
_p28.00
_q1
_r0
_sY
_tBOOK
_u2015-6-24
_xTEOLOGIA
_PP35
_0COMPRA
_o.STAFF. Colección Teología
980 _81
_gALBERTO SANCHEZ Responsable de Automatización